A textbook of modern European history (Record no. 188547)

000 -LEADER
fixed length control field 00499 a2200193 4500
003 - CONTROL NUMBER IDENTIFIER
control field Nust
005 - DATE AND TIME OF LATEST TRANSACTION
control field 20170207153544.0
010 ## - LIBRARY OF CONGRESS CONTROL NUMBER
LC control number 67003018
020 ## - INTERNATIONAL STANDARD BOOK NUMBER
International Standard Book Number 812391429X
040 ## - CATALOGING SOURCE
Transcribing agency Nust
082 ## - DEWEY DECIMAL CLASSIFICATION NUMBER
Classification number 940.2
100 ## - MAIN ENTRY--PERSONAL NAME
Personal name Dayal, Raghubir,
245 ## - TITLE STATEMENT
Title A textbook of modern European history
Statement of responsibility, etc. Raghubir Dayal,
250 ## - EDITION STATEMENT
Edition statement 2nd ed
260 ## - PUBLICATION, DISTRIBUTION, ETC.
Place of publication, distribution, etc. New York,
Name of publisher, distributor, etc. Asia Pub. House
Date of publication, distribution, etc. 2007
300 ## - PHYSICAL DESCRIPTION
Extent xv, 599 p
Other physical details maps,
Dimensions geneal.
Accompanying material tables
Type of unit 23 cm
600 ## - SUBJECT ADDED ENTRY--PERSONAL NAME
Personal name Dayal, Raghubir,
650 ## - SUBJECT ADDED ENTRY--TOPICAL TERM
Topical term or geographic name entry element Modern European history
942 ## - ADDED ENTRY ELEMENTS (KOHA)
Source of classification or shelving scheme
Koha item type Book
Holdings
Withdrawn status Lost status Source of classification or shelving scheme Damaged status Not for loan Collection code Permanent Location Current Location Date acquired Total Checkouts Full call number Barcode Date last seen Price effective from Koha item type
            Military College of Signals (MCS) Military College of Signals (MCS) 12/12/2016   940.2 DAY MCS33515 12/08/2016 12/12/2016 Book
© 2023 Central Library, National University of Sciences and Technology. All Rights Reserved.